| 000 | 00548nam a22001937a 4500 | ||
|---|---|---|---|
| 999 |
_c1957 _d1957 |
||
| 005 | 20230220153926.0 | ||
| 008 | 230220b ||||| |||| 00| 0 eng d | ||
| 020 | _a9780008411695 | ||
| 040 | _cKH8 | ||
| 082 | _aFIC TAH | ||
| 100 |
_aTahir, Sabaa _eauthor |
||
| 245 |
_aA sky beyond the storm / _cSabaa Tahir |
||
| 260 |
_aLondon: _bHarper Voyager, _c2021. |
||
| 300 |
_a519 p. : _bmap (black and white) ; _c20 cm. |
||
| 440 |
_aEmber in the ashes ; _n4 |
||
| 500 | _aOriginally published: 2020 | ||
| 650 | _aFantasy fiction | ||
| 942 |
_2ddc _cFIC |
||